000 00364pam a2200157a 44500
008 230515b1980 xxu||||| |||| 00| 0 eng d
020 _aNULL
041 _aENGLISH
082 _aNULL
100 _aLIN T. Y. / BURNS. Y. H.
245 _aDESIGN OF PROSTESSED CONCRETE STRUCTURE
250 _a3
260 _aNULL
_b
_c1980
300 _a646 PB
650 _aNULL
999 _c617782
_d617782